000 00438nam a2200193Ia 4500
005 20240823062231.0
008 240823s9999||||xx |||||||||||||| ||und||
020 _a81-7866-670-7
041 _aENGLISH
082 _A539.7 P2
100 _aTayal D G
245 0 _aNuclear Physics
250 _a1st
260 _c2002
_bHimalaya Publishing
500 _aTRANSFERED
650 _aPhysics
_bPhysics
942 _cBK
999 _c235401
_d235401